| 000 | 00435nam a2200145Ia 4500 | ||
|---|---|---|---|
| 008 | 231129s2006||||xx |||||||||||||| ||spa|| | ||
| 020 | _a958-8277-50-7 | ||
| 040 | _bspa | ||
| 082 | _aCD 02 FRE-39 | ||
| 100 | _aMurillo Vargas Nestor Alberto | ||
| 245 | 0 | _aTécnicas Orientales para tu bienestar: Masaje y acupresión | |
| 260 | _c2006 | ||
| 264 | _aPereira : Editora Nesmur | ||
| 942 |
_2ddc _cBKS |
||
| 999 |
_c25096 _d25096 |
||